000 00490nam a2200193Ia 4500
005 20250326141522.0
008 250326s9999 xx 000 0 und d
037 _aTextbook
040 _aFMSL
_beng
_cFMSL
041 _aeng
_2eng
084 _qFMSL
100 _aGitman L J
_9735931
245 0 _aPrinciples of managerial fice
_cGitman L J
250 _a5
260 _aSan diego
_bSan diego, Harper Collins
_c1988
300 _a856p
942 _cTB
999 _c1290685
_d1290685